000 00720nam a2200289Ia 4500
005 20260324112304.0
008 008 260324s9999 xx 000 0 eng d
020 _a9781003264606
037 _aEBOOK
040 _aCRL
040 _beng
040 _cCRL
041 _2eng
041 _aeng
084 _qCRL
100 _aAnja Bunzel; Christopher Campo-Bowen
_91142073
245 0 _aWomen in Nineteenth-Century Czech Musical Culture
245 0 _bApostles of a Brighter Future
260 _bTaylor and Francis
260 _c2024
365 _a
365 _b230
856 _uhttp://www.taylorfrancis.com/books/9781003264606
942 _cEBOOK
999 _c1731223
_d1731223